000 00798nam a22002297a 4500
003 UA-OsUOA
001 50394
007 ta
008 20140605b un ||||| |||| 00| 0 ukr d
090 _a082
_bР68
942 _cBK
040 _aUA-OsUOA
_bukr
_cUA-OsUOA
_dUA-OsUOA
245 _aРоль Києво-могилянської академії в культурному єднанні слов'янських народів
_bЗбірник наукових праць
300 _a181 с.
955 _a1
041 _aukr
080 _a082
260 _aК.
_bНаукова думка
_c1988
650 7 _a08 Видання. Колективні праці
_2UDC
999 _c430482
_d430482